IDENTIFICATION OF AN INFECTIOUS LARYNGOTRACHEITIS VIRUS EQUIVALENT TO THE HERPES SIMPLEX VIRUS TYPE 2 MAJOR DNA BINDING PROTEIN (ICP8)

Bibliographic Details
Main Authors: Sheppard, M. (Author), York, J. J. (Author)
Format: Article
Language:English

MARC

LEADER 00000nab a2200000uu 4500
001 vtls011455386
003 SK-MaSNL
005 20260303180958.0
008 230222|1990 xo |||||||||||||||||eng|
015 |a SNBRB 
035 |a (urnnbn)urn:nbn:sk:snk:ar-a07s21 
035 |a (uuid)78d059a5-93d3-49f5-b7d0-7958100a2d73 
035 |a urn:nbn:sk:snk-abcqg1 
040 |a SNKBUCL  |b slo  |c SNKBUCL  |e AACR2 
041 0 |a eng 
044 |a xo  |c SK 
100 1 |a Sheppard, M.  |4 aut  |9 970161 
245 1 0 |a IDENTIFICATION OF AN INFECTIOUS LARYNGOTRACHEITIS VIRUS EQUIVALENT TO THE HERPES SIMPLEX VIRUS TYPE 2 MAJOR DNA BINDING PROTEIN (ICP8)  |c M. Sheppard, J. J. York 
700 1 |a York, J. J.  |4 aut  |9 1207616 
773 0 |t Acta virologica  |g Roč. 34, č. 5 (1990), s. 443-448 
958 |a OND 
958 |a EUIPO 
958 |a article16 
999 |c 2108250  |d 2110180